Top 100 most subscribed YouTube channel 2024 - Statistics

General Stats
  • This quiz has been taken 161 times
  • The average score is 19 of 100
Answer Stats
Rank Number of Subscribers Main focus Answer % Correct
1 314 738 000 Entertainment MrBeast
95%
81 45 710 000 Entertainment MrBeast 2
94%
86 45 293 000 Gaming MrBeast Gaming
94%
2 273 453 000 Bollywood T-Series
83%
23 69 815 000 Bollywood T-Series Bhakti Sakar
83%
3 182 121 000 Animations for Kids Cocomelon
79%
8 111 958 000 Gaming and Vlogs PewDiePie
78%
10 104 340 000 Wrestling WWE
61%
13 94 790 000 Music K-pop BLACKPINK
45%
7 120 063 000 Kid show Like Nastya
41%
4 177 454 000 Bollywood SET India
39%
6 124 185 000 Kid show Vlad and Niki
36%
15 88 275 000 Shorts Stokes Twins
35%
5 125 331 000 Kid show Kids Diana Show
34%
22 73 507 000 Music Pop Justin Bieber
32%
39 59 997 000 Music Pop Taylor Swift
32%
38 60 437 000 Trickshots Dude Perfect
31%
47 56 627 000 Science Mark Rober
30%
34 61 805 000 Music Rap EminemMusic
28%
11 99 756 000 Bollywood Goldmines
27%
99 43 365 000 Bollywood Goldmines Gaane Sune Ansune
27%
9 110 325 000 Bollywood Zee Music Company
27%
17 80 823 000 DIY 5-Minute Crafts
26%
14 92 917 000 Animations for Kids ChuChu TV
25%
40 59 631 000 Football (soccer) UR Cristiano
25%
18 78 944 000 Music K-pop BANGTANTV
22%
12 95 472 000 Bollywood Sony SAB
22%
16 83 729 000 Bollywood Zee TV
22%
19 77 533 000 Animations for Kids Baby Shark
21%
51 56 109 000 Music Pop Ed Sheeran
21%
54 54 617 000 Music Pop Ariana Grande
18%
28 66 513 000 Entertainment A4
17%
21 75 658 000 Music K-pop HYBE LABELS
15%
33 62 136 000 Clips Movieclips
15%
20 75 738 000 Bollywood Colors TV
14%
49 55 713 000 Shorts KIMPRO
14%
26 67 331 000 Music Pop Canal KondZilla
13%
27 67 244 000 News Aaj Tak
12%
43 57 931 000 Animations for Kids LooLoo Kids
12%
45 57 355 000 Music Pop Marshmello
12%
98 43 609 000 Music Pop Rihanna
12%
52 55 038 000 Bollywood Shemaroo
12%
24 69 443 000 Bollywood Shemaroo Filmi Gaane
12%
50 55 623 000 Shorts PANDA BOI
11%
32 62 828 000 Bollywood Wave Music
11%
29 65 845 000 Animations for Kids El Reino Infantil
10%
95 44 007 000 Vlogs HolaSoyGerman
10%
62 51 037 000 Gaming JuegaGerman
10%
58 52 171 000 Gaming Mikecrack
10%
25 68 564 000 Bollywood Tips Official
10%
56 52 806 000 Music Pop Billie Eilish
9%
69 47 863 000 Gaming Fernanfloo
9%
85 45 341 000 Music Pop Katy Perry
9%
74 46 771 000 Music Pop Shakira
9%
36 61 721 000 Bollywood Sony Music India
9%
100 43 340 000 Gaming Total Gaming
9%
37 61 557 000 Bollywood YRF
9%
42 57 993 000 Short movies Alan Chikin Chow
8%
79 45 815 000 Music Pop Alan Walker
8%
75 46 648 000 Entertainment Felipe Neto
8%
41 58 992 000 Bollywood HAR PAL GEO
8%
30 64 356 000 Animations for Kids Infobells - Hindi
8%
71 47 697 000 Entertainment Badabun
7%
67 48 168 000 Music Rap Bad Bunny
7%
92 44 655 000 Facts BRIGHT SIDE
7%
97 43 709 000 Animations for Kids DaFuq!?Boom!
7%
48 55 937 000 Entertainment Fede Vigevani
7%
57 52 232 000 Movies for kids Get Movies
7%
77 46 251 000 Kid show LUCCAS NETO
7%
73 47 109 000 Kid show Ricis Official
7%
88 44 949 000 Kid show shfa
7%
94 44 201 000 Bollywood Sony PAL
7%
80 45 747 000 Reactions Você Sabia?
7%
89 44 793 000 Comedy whinderssonnunes
7%
46 56 710 000 Bollywood ARY Digital HD
6%
76 46 413 000 Bollywood Ishtar Music
6%
60 51 609 000 Shorts Jess No Limit
6%
84 45 514 000 Shorts Real fools shorts official
6%
82 45 686 000 Bollywood Saregama Music
6%
78 45 933 000 Kid show shfa2
6%
72 47 165 000 Bollywood StarPlus
6%
35 61 801 000 Kid show Toys and Colours
6%
63 49 852 000 Movies for kids Маша и Медведь
5%
87 45 110 000 News ABP NEWS
5%
68 47 921 000 Entertainment Alejo Igoa
5%
83 45 646 000 Entertainment Kimberly Loaiza
5%
53 54 953 000 Bollywood KL BRO Biju Rithvik
5%
66 49 058 000 Movies for kids Masha and the Bear
5%
59 51 907 000 Bollywood SonyMusicIndiaVEVO
5%
91 44 735 000 Bollywood Speed Records
5%
70 47 758 000 Animations for Kids Voot Kids
5%
31 64 116 000 Management ZAMZAM ELECTRONICS TRADING
5%
61 51 258 000 Politics Acharya Prashant
4%
65 49 069 000 Shorts BETER BOCUK
4%
96 43 714 000 Kid show Like Nastya Show
4%
64 49 465 000 Bollywood ABS-CBN Entertainment
3%
44 57 382 000 Animations for Kids Bilion Surprise Toys
1%
93 44 522 000 Shorts Dushyant kukreia
1%
90 44 754 000 Kid show Maria Clara & IP
1%
55 53 043 000 Entertainment YOLO AVENTUBAS
1%
No matching quizzes found
Score Distribution
Percent of People with Each Score
Percentile by Number Answered
Your Score History
You have not taken this quiz